Effect of S-adenosylmethionine on liver regeneration induced by partial hepatectomy

Bibliographic Details
Main Authors: Kohoutek, Lukáš (Author), Červinková, Zuzana, 1951- (Author), Kučera, Otto (Author), Roušar, Tomáš (Author), Garnol, Tomáš (Author), Šiller, Jíří (Author), Lotková, Halka (Author)
Format: Article
Language:Slovak
English

MARC

LEADER 00000nab a2200000 a 4500
001 vtls010736258
003 SK-MaSNL
005 20260304190859.0
008 250709s2010 xo |||||||||||||||||slo|
035 |a (urnnbn)urn:nbn:sk:snk:ar-a05ii5 
035 |a (uuid)c268faca-648e-42ad-9385-57af78819ef3 
035 |a urn:nbn:sk:snk-ab3xpb 
040 |a SNKBUCL  |b slo  |c SNKBUCL  |e AACR2 
041 0 |a eng 
044 |a xo  |c SK 
100 1 |a Kohoutek, Lukáš  |4 aut  |9 1522279 
245 1 0 |a Effect of S-adenosylmethionine on liver regeneration induced by partial hepatectomy  |c Lukáš Kohoutek, Zuzana Červinková, Otto Kučera, Tomáš Roušar, Tomáš Garnol, Jiří Šiller, Halka Lotková 
700 1 |a Červinková, Zuzana,  |d 1951-  |4 aut  |9 7435 
700 1 |a Kučera, Otto  |4 aut  |9 1522278 
700 1 |a Roušar, Tomáš  |4 aut  |9 1522277 
700 1 |a Garnol, Tomáš  |4 aut  |9 1522731 
700 1 |a Šiller, Jíří  |4 aut  |9 1466707 
700 1 |a Lotková, Halka  |4 aut  |9 1522276 
773 0 |t General physiology and biophysics : an international journal  |g Roč. 29, č. 1 (2010), s. 72-78 
850 |a Slovenská národná knižnica 
852 |a Slovenská národná knižnica 
958 |a article1 
958 |a OND 
958 |a EUIPO 
999 |c 3051697  |d 3053627